[Event "FRA-chT3 North 0304"]
[Site "France"]
[Date "2003.11.15"]
[Round "2.6"]
[White "Benoit, Jean Christophe"]
[Black "Bry, Stephane"]
[Result "0-1"]
[WhiteElo "1990"]
[BlackElo "2104"]
[PlyCount "70"]
[EventDate "2003.11.??"]
[EventType "team"]
[EventRounds "9"]
[EventCountry "FRA"]
[SourceTitle "EXT 2006"]
[Source "ChessBase"]
[SourceDate "2005.11.24"]
[SourceVersion "1"]
[SourceVersionDate "2005.11.24"]
[SourceQuality "1"]
[WhiteTeam "Charleville Mezieres"]
[BlackTeam "Lille II"]
[WhiteTeamCountry "FRA"]
[BlackTeamCountry "FRA"]

1. e4 e6 2. d4 d5 3. e5 c5 4. c3 Nc6 5. Nf3 Qb6 6. a3 cxd4 7. cxd4 Nge7 8. Bd3 Bd7 9. Bc2 Ng6 10. h4 Qa5+ 11. Bd2 Bb4 12. Nc3 Bxc3 13. Bxc3 Qb6 14. Qd2 f6 15. exf6 gxf6 16. 0-0-0 0-0-0 17. h5 Nge7 18. Rhe1 Kb8 19. Qf4+ Qc7 20. Qxc7+ Kxc7 21. Nh4 Nc8 22. g4 Nd6 23. Ng2 Nc4 24. Nf4 Rde8 25. Re2 Kb8 26. f3 Re7 27. Rde1 Rhe8 28. Kb1 Nb6 29. b4 a6 30. Nd3 Kc7 31. Nc5 e5 32. Nxd7 Kxd7 33. dxe5 fxe5 34. Bf5+ Kd6 35. Bb2 d4 0-1